2025: 10 States With the Best Quality of Life - Statistics

General Stats
  • This quiz has been taken 51 times
  • The average score is 6 of 10
Answer Stats
Hint Answer % Correct
2 Maine
86%
1 Vermont
84%
8 (tie) Massachusetts
81%
6 Hawaii
79%
5 Connecticut
70%
8 (tie) Virginia
70%
3 New Jersey
65%
4 Minnesota
56%
7 North Dakota
33%
8 (tie) Nebraska
26%
No matching quizzes found
Score Distribution
Percent of People with Each Score
Percentile by Number Answered
Your Score History
You have not taken this quiz